Zavádzanie nového produktu - porovnanie monopolu a oligopolu

Príspevok nadväzuje na už uverejnený článok "Zavádzanie nového produktu" z roku 2006 (Mikušová). Trhové štruktúry nedokonalej konkurencie. Monopol, oligopol. Východiská modelov. Model monopolu. Model duopolu. Porovnanie modelov.

Salvato in:
Dettagli Bibliografici
Autore principale: Mikušová, Nora, 1978-
Natura: Capitolo di libro
Lingua:slovacco
Soggetti:
Tags: Aggiungi Tag
Nessun Tag, puoi essere il primo ad aggiungerne!!

MARC

LEADER 00000naa$a2200000$$$4500
001 0079719
005 20240502071916.3
041 0 |a slo 
044 |a SK 
245 1 0 |a Zavádzanie nového produktu - porovnanie monopolu a oligopolu  |c Nora Mikušová 
520 |a Príspevok nadväzuje na už uverejnený článok "Zavádzanie nového produktu" z roku 2006 (Mikušová). Trhové štruktúry nedokonalej konkurencie. Monopol, oligopol. Východiská modelov. Model monopolu. Model duopolu. Porovnanie modelov. 
610 2 0 |a produkty 
610 2 0 |a monopoly 
610 2 0 |a oligopoly 
610 2 0 |a konkurencia 
610 2 0 |a modely 
100 1 |a Mikušová, Nora, 1978-